000 00444nam a2200169 4500
005 20260109143533.0
008 260109b |||||||| |||| 00| 0 eng d
020 _a978-81-8328-574-2
041 _aEnglish
082 _aX 158.1 HOL
_bB12154
100 _aHollins, Peter
_9216282
245 _aThe Science ofSelf Discipline
260 _aNew Delhi
_bWisdom Tree
_c2024
300 _axi,172p.
_bpb
365 _aRupaye
_b316
_cINR
942 _cBK
999 _c369825
_d369825